000 00414pab a2200157 454500
008 180718b1998 xxu||||| |||| 00| 0 eng d
100 _aRenett, Darryl
245 _aNew partnerships: federal managers and the human resources office
260 _c1998
300 _ap.44-48
362 _aSummer
650 _aHuman resources development
700 _aMclure, Herb
773 _aPublic Manager
909 _a38873
999 _c38873
_d38873